प्रशासनिक चिन्तक (Record no. 6547)
[ view plain ]
| 000 -LEADER | |
|---|---|
| fixed length control field | 01097 a2200217 4500 |
| 005 - DATE AND TIME OF LATEST TRANSACTION | |
| control field | 20180911160230.0 |
| 010 ## - LCCN (DPL NO) | |
| LC control number | HIN-80647 |
| 020 ## - INTERNATIONAL STANDARD BOOK NUMBER | |
| Terms of availability | 175.00+3रा संस्क 195.00 |
| International Standard Book Number | 818018045x |
| 035 ## - SYSTEM CONTROL NUMBER | |
| System control number | HN-52993, B-151301 |
| 037 ## - SOURCE OF ACQUISITION | |
| Source of stock number/acquisition | D.B.Act / ven |
| 082 ## - DEWEY DECIMAL CLASSIFICATION NUMBER | |
| Classification number | 350.00092 |
| 100 ## - MAIN ENTRY--PERSONAL NAME | |
| Personal name | कटारिया, सुरेन्द्र |
| 245 ## - TITLE STATEMENT | |
| Title | प्रशासनिक चिन्तक |
| Statement of responsibility, etc | सुरेन्द्र कटारिया तथा सौरभ कटारिया |
| 246 ## - VARYING FORM OF TITLE | |
| Title proper/short title | Parshasnik Chintak |
| Remainder of title | by Surinder Katariya |
| 250 ## - EDITION STATEMENT | |
| Edition statement | 2 रा संस्क.+3रा संस्क |
| 260 ## - PUBLICATION, DISTRIBUTION, ETC. (IMPRINT) | |
| Place of publication, distribution, etc | दिल्ली |
| Name of publisher, distributor, etc | नेशनल पब्लिशिंग हाउस |
| Date of publication, distribution, etc | 2006+2007 |
| 270 ## - ADDRESS | |
| Address | 337, चौ़ड़ा रास्ता |
| City | जयपुर |
| Postal code | 302003 |
| Telephone number | 0141-2575258, 2577548 |
| Fax number | 0141-2396758 |
| Electronic mail address | nationall@datainfosys.net |
| 300 ## - PHYSICAL DESCRIPTION | |
| Extent | 415पृ |
| Dimensions | 22सेमी (अजिल्द) |
| 500 ## - GENERAL NOTE | |
| General note | Same Pub से 2005 में आई है |
| 942 ## - ADDED ENTRY ELEMENTS (KOHA) | |
| Institution code [OBSOLETE] | dpl |
| Item type | Hindi Books |
| Call number prefix | 350.00092 / कटारि |
| Source of classification or shelving scheme | Dewey Decimal Classification |
| Classification part | 350.00092 |
| Call number suffix | कटारि |
| Withdrawn status | Lost status | Not for loan | Home library | Current library | Date acquired | Cost, normal purchase price | Full call number | Barcode | Copy number | Cost, replacement price | Koha item type | Collection code | Source of acquisition |
|---|---|---|---|---|---|---|---|---|---|---|---|---|---|
| D.B.Act.Division | D.B.Act.Division | 11/09/2008 | 175.00 | 350.00092 कटारि | HN-52993 | 1 | 175.00 | Hindi Books | |||||
| Shahdara Branch | Shahdara Branch | 11/09/2018 | 500.00 | 350.00092 कटारि | B-151301 | 500.00 | Hindi Books | Fiction | BPPD/PUB |
